Schaum's outline of theory and problems of computer graphics (Record no. 8113)

000 -LEADER
fixed length control field 00572nam a22002057a 4500
001 - CONTROL NUMBER
control field 8113
003 - CONTROL NUMBER IDENTIFIER
control field BD-DhUET
008 - FIXED-LENGTH DATA ELEMENTS--GENERAL INFORMATION
fixed length control field 150118b xxu||||| |||| 00| 0 eng d
020 ## - INTERNATIONAL STANDARD BOOK NUMBER
International Standard Book Number 0070991537
040 ## - CATALOGING SOURCE
Original cataloging agency DLC
Transcribing agency DLC
Modifying agency BD-DhUET
082 ## - DEWEY DECIMAL CLASSIFICATION NUMBER
Classification number 001.6443
Item number PLA/1996
100 ## - MAIN ENTRY--PERSONAL NAME
Personal name Plastock, Roy A.
245 ## - TITLE STATEMENT
Title Schaum's outline of theory and problems of computer graphics
Statement of responsibility, etc. by Plastock, Roy A
250 ## - EDITION STATEMENT
Edition statement Ist. ed.
260 ## - PUBLICATION, DISTRIBUTION, ETC. (IMPRINT)
Place of publication, distribution, etc. New york
Name of publisher, distributor, etc. McGraw-Hill
Date of publication, distribution, etc. 1986
300 ## - PHYSICAL DESCRIPTION
Extent viii,340p.
Other physical details ill.
650 #0 - SUBJECT ADDED ENTRY--TOPICAL TERM
Topical term or geographic name as entry element Computer graphics, computer
700 ## - ADDED ENTRY--PERSONAL NAME
Personal name Kalley, Gordon
942 ## - ADDED ENTRY ELEMENTS (KOHA)
Koha item type General Book
Holdings
Shelving location Not for loan Source of classification or shelving scheme Lost status Koha item type Koha full call number Piece designation (barcode) Damaged status Koha date last seen Withdrawn status Date acquired Price effective from Koha issues (times borrowed) Koha date last borrowed Copy number Koha normalized classification for sorting Location (home branch) Sublocation or collection (holding branch)
Circulation section   General Book001.6443/PLA/199691018 2016-01-05 2015-01-182015-01-18  1001_644300000000000_PLA_1996Central Library, BUETCentral Library, BUET
Circulation section   General Book001.6443/PLA/199691021 2015-01-18 2015-01-182015-01-18  2001_644300000000000_PLA_1996Central Library, BUETCentral Library, BUET
Circulation section   General Book001.6443/PLA/199691010 2019-04-08 2015-01-182015-01-1812019-02-243001_644300000000000_PLA_1996Central Library, BUETCentral Library, BUET
Circulation section   General Book001.6443/PLA/199691030 2022-10-10 2015-01-182015-01-1812022-10-024001_644300000000000_PLA_1996Central Library, BUETCentral Library, BUET
Circulation section   General Book001.6443 PLA/199691022 2015-01-18 2015-01-182015-01-18  5001_644300000000000_PLA_1996Central Library, BUETCentral Library, BUET
Reading section   Reading Item001.6443/PLA/199691008 2015-06-06 2015-06-062015-06-06  6001_644300000000000_PLA_1996Central Library, BUETCentral Library, BUET
Reading section   General Book001.6443/PLA/199691009 2015-06-06 2015-06-062015-06-06  7001_644300000000000_PLA_1996Central Library, BUETCentral Library, BUET